La modificacin̤ de la regulacin̤ de la Propiedad Horizontal en Catalunya por LEY 5/2015

Bibliographic Details
Main Author: Mart ̕Mart,̕ Joaquim
Format: Book
Language:Spanish
Published: Barcelona J.M. Bosch Editor 2015
Subjects:
Online Access:Acceso restringido

MARC

LEADER 00000nam a22000007a 4500
005 20151103120731.0
007 cr|||| ||u|
008 151103s2015 sp ||||| |||| 00||0 spa d
020 |a 978-84-943507-1-9 
035 |a 12929 
040 |a vLex 
090 |c 5644  |d 5644 
100 1 |a Mart ̕Mart,̕ Joaquim  
245 1 3 |a  La modificacin̤ de la regulacin̤ de la Propiedad Horizontal en Catalunya por LEY 5/2015  |h [Recurso electrn̤ico] /  |c Joaquim Mart ̕Mart̕ 
256 |a Servicio en ln̕ea 
260 |a Barcelona  |b J.M. Bosch Editor  |c 2015 
300 |a 1 recurso electrn̤ico 
500 |a La Ley 5/2006, de 10 de mayo, que supuso la primera aprobacin̤ del Libro Quinto del Cd̤igo Civil de Catalunya, relativo a los derechos reales, y que regulaba la propiedad horizontal en Catalunya, entr ̤en vigor el 1 de julio de 2006. A los pocos aǫs de funcionamiento, se comprob ̤que la norma quedaba incompleta, que no regulaba todos los aspectos de la propiedad horizontal, y que en otros se demostraba incoherente. Por ello se iniciaron por el “Observatori de Dret Privat de Catalunya” unos trabajos para modificar la norma que se han demorado hasta mayo de 2015; y es ahora, en fecha 13 de mayo, que el Parlament de Catalunya ha aprobado la “Llei 5/2015, de 13 de maig, de modificaci ̤del llibre V del Codi civil de Catalunya, relatiu als Drets Reals.” La Ley 5/2015, redacta nuevamente todos los artc̕ulos, siguiendo la numeracin̤ y tt̕ulo de los artc̕ulos comprendidos en la Ley 5/2006, el 553 y los 382 ordinales correlativos que lo acompaąn; a excepcin̤ del artð 553-47 que no sigue el contenido del anterior. No se sigue, pues, la prc̀tica de otros legisladores de modificar partes de artc̕ulos de la anterior regulacin̤, o de eliminar tan sl̤o pr̀rafos del articulado de la norma modificada. Esta obra, explica la regulacin̤ y jurisprudencia derivada de la norma del 2006 y las muchas novedades que supone la del 2015. 
506 1 |a Contenido solo disponible en los productos indicados  |d vLex Global  |d vLex Global (Academic Edition, excluding Law Schools)  |d vLex Global (U.S. Academic Edition, Law Schools)  |d vLex Global (U.S. Academic Edition, excluding Law Schools)  |d vLex Global (Academic Edition, Law Schools) 
650 0 4 |a Derecho  |z Espaą 
740 0 |a vLex libros (servicio en ln̕ea) 
856 4 0 |u http://vlex.com/source/modificacion-de-la-regulacion-de-la-propiedad-horizontal-en-catalunya-por-ley-5-2015-12929  |z Acceso restringido  
942 |c BOOK 
999 0 |a Law